Dallas - Choix multiples - Statistiques

Statistiques générales
  • Ce quiz a été pris 1 749 fois
    1 728 depuis la dernière actualisation
  • Le résultat moyen est 7 sur 10
Statistiques - réponses
Question Réponse % Correct
A quel type de catastrophe Dallas est-elle particulièrement exposée, comme celle qui ravagea une partie du Nord de la ville en 2019 ? Tornade
96%
Dans quelle série se déroulant à Dallas le nom de l'état dans lequel elle se situe apparaît-il ? Walker, Texas Ranger
93%
De quelle ligue les Cowboys de Dallas font partie ? Football américain
85%
Laquelle de ces danses pratique-t-on notamment à la State Fair de Dallas, l'une des plus grandes foires du pays ? La country
85%
Lequel de ces personnages est lié à la ville ?
74%
En quelle année John Kennedy fut-il assassiné à Dallas ? 1963
66%
Quel couple qui s'est rencontré à Dallas y est également enterré ? Bonnie et Clyde
65%
Laquelle de ces images représente la Reunion Tower, une célèbre tour d'observation de Dallas ?
57%
Lequel de ces chanteurs avec un nom alimentaire est né à Dallas et s'est notamment fait connaître avec son titre I'd do anything for love ? Meat Loaf
50%
Quel fleuve traverse Dallas ? Trinity
26%
Aucun quiz correspondant
Distribution des résultats
% des personnes avec chaque résultat
Percentile par nombre de réponses
Votre historique - résultats
Vous n’avez pas pris ce quiz depuis la dernière actualisation